00412pab a2200133 454500008004000000100002300040245008100063260000900144300001300153362001100166650003700177650003000214773003400244180718b2004 xxu||||| |||| 00| 0 eng d aMarulanda, Liliama aLocal participatory planning and management in villa El Salvador, Lima, Peru c2004 ap.27-43. aAutumn aParticipatory development - Peru aParticipatory development aRegional Development Dialogue